| 000 | 00593nam a2200181 a 4500 | ||
|---|---|---|---|
| 005 | 20240817063759.0 | ||
| 008 | 100119s2008 ag r 000 0 spa d | ||
| 020 | _a9789875911215 | ||
| 035 | _aUPN01000174309 | ||
| 049 | _aCG | ||
| 050 | 4 |
_aLC5115 _bA5.2 |
|
| 100 | 1 |
_aAnder-Egg, Ezequiel, _d1930- _928724 |
|
| 245 | 1 | 3 |
_aLa ciudad educadora : _bcomo forma de fortalecimiento de la democracia y de una ciudadanía activa y convivencial / _cEzequiel Ander-Egg. |
| 260 |
_aCórdoba, Arg. : _bBrujas, _c2008. |
||
| 300 |
_a102 p. : _bil. |
||
| 650 | 2 |
_aEducación urbana _915201 |
|
| 905 | _aLibro | ||
| 999 |
_c146413 _d146413 |
||